000 00568nam a22001937a 4500
005 20260325094329.0
008 260325b |||||||| |||| 00| 0 eng d
020 _a978-93-95337-11-3
082 _a537 B335 2023
100 _aBatt, Bashir Ahmed
_9445
245 _aIntroduction to electricity and magnetism /
_cBashir Ahmed Batt
250 _a1st ed.
260 _aNew Delhi, IN:
_bParadise Press,
_cc2023
300 _ax, 269p.:
_bill.
504 _aIncludes bibliographies and index
541 _e7986 c.1
650 _aElectricity
_9424
650 _aMagnetism
_9426
999 _c2580
_d2580